[Event "Bern op"]
[Site "Bern"]
[Date "1993.??.??"]
[Round "8"]
[White "Reeh, Oliver"]
[Black "Ibragimov, Ildar"]
[Result "1/2-1/2"]
[WhiteElo "2435"]
[BlackElo "2540"]

1.e4 e5 2.Nf3 Nc6 3.Bb5 a6 4.Ba4 Nf6 5.O-O Be7 6.Re1 b5 7.Bb3 d6 8.a4 Bg4
9.c3 Na5 10.Ba2 c5 11.d3 O-O 12.h3 Bd7 13.axb5 axb5 14.Bg5 h6 15.Bxf6 Bxf6
16.Nbd2 Nc6 17.Nf1 g6 18.Ne3 Bg7 19.h4 h5 20.Bd5 Rxa1 21.Qxa1 Ne7 22.Bb3 Bh6
23.Qa6 Bc6 24.Nd5 Bxd5 25.Bxd5 Nxd5 26.exd5 Qc7 27.Ra1 Rb8 28.Ra5 c4 29.dxc4 bxc4
30.Rb5 Kg7 31.g3 Bc1 32.Kg2 Rxb5 33.Qxb5 Kf6 34.b3 cxb3 35.Qxb3 Qc5 36.c4 Kg7
37.Qb5 e4 38.Ng5 Qd4 39.Qb3 Bxg5 40.hxg5 Qe5 41.Qe3 Kg8 42.Qd2 Kf8 43.Qe3 Kg8  1/2-1/2

[Event "Spring op"]
[Site "Budapest"]
[Date "1993.??.??"]
[Round "4"]
[White "Sale, Srdjan"]
[Black "Ibragimov, Ildar"]
[Result "0-1"]
[WhiteElo "2365"]
[BlackElo "2540"]

1.b3 e5 2.Bb2 Nc6 3.c4 g6 4.h4 h6 5.h5 g5 6.e4 Nf6 7.Nf3 Bc5 8.b4 Bd4 9.Nxd4 Nxd4
10.Bxd4 exd4 11.e5 Qe7 12.Qe2 d3 13.exf6 dxe2 14.fxe7 exf1=Q+ 15.Kxf1 d6
16.Nc3 Kxe7 17.Ke2 Be6 18.d3 c6 19.Kd2 f5 20.Rab1 Kf6 21.a4 Rad8 22.Ne2 Rd7
23.a5 c5 24.Kc3 Rc8 25.bxc5 Rxc5 26.Rb5 Rxb5 27.cxb5 Rc7+ 28.Kd2 Rc5 29.Nc3 Bf7
30.f3 a6 31.Rb1 axb5 32.Nxb5 Bxh5 33.Rb2 Rd5 34.d4 Bf7 35.Ke3 h5 36.g3 h4
37.gxh4 f4+ 38.Ke4 gxh4 39.Kxf4 h3 40.Kg3 Be6 41.f4 Bd7 42.Na7 Rxa5 43.Rxb7 Ra3+  0-1

[Event "Spring op"]
[Site "Budapest"]
[Date "1993.??.??"]
[Round "7"]
[White "Tregubov, Pavel V"]
[Black "Ibragimov, Ildar"]
[Result "0-1"]
[WhiteElo "2445"]
[BlackElo "2540"]

1.d4 Nf6 2.Nf3 g6 3.c4 Bg7 4.g3 O-O 5.Bg2 d6 6.O-O Nc6 7.Nc3 a6 8.Qd3 e5
9.dxe5 dxe5 10.Qxd8 Rxd8 11.Bg5 Be6 12.Nd2 h6 13.Bxf6 Rxd2 14.Bxg7 Kxg7 15.b3 Rad8
16.e3 f5 17.Bd5 Bxd5 18.Nxd5 Rd7 19.f3 Ne7 20.Nxe7 Rxe7 21.Rf2 Red7 22.Re1 Kf6
23.Kf1 a5 24.Rxd2 Rxd2 25.Re2 Rd3 26.Kf2 e4 27.fxe4 fxe4 28.Rc2 Rd1 29.Kg2 Ke6
30.h4 Rd3 31.Kf2 Kf5 32.Ke2 Kg4 33.Rc1 a4 34.Rf1 axb3 35.axb3 g5 36.Rf6 Kxg3
37.Rxh6 g4 38.h5 Rxb3 39.Rf6 Rb2+ 40.Kf1 Rb1+ 41.Ke2 Rh1 42.h6 c6 43.Kd2 Kg2
44.Ke2 g3  0-1

[Event "Spring op"]
[Site "Budapest"]
[Date "1993.??.??"]
[Round "8"]
[White "Ibragimov, Ildar"]
[Black "Almasi, Zoltan"]
[Result "1/2-1/2"]
[WhiteElo "2540"]
[BlackElo "2490"]

1.d4 Nf6 2.c4 e6 3.Nc3 Bb4 4.e3 O-O 5.Bd3 d5 6.Nf3 c5 7.O-O Nc6 8.a3 Bxc3
9.bxc3 Qc7 10.h3 dxc4 11.Bxc4 e5 12.Ba2 cxd4 13.cxd4 exd4 14.Nxd4 Nxd4 15.Qxd4 Qe7
16.Bb2 Be6 17.Bb1 Rfd8 18.Qh4 h6 19.Bd4 Nd5 20.Qg3 Qg5 21.Qxg5 hxg5 22.Be4 Rd7
23.Rab1 b6 24.Rfc1 Rad8 25.a4 Ne7 26.Rb5 f6 27.a5 Rc8 28.Ra1 Bc4 29.Rb2 Bd5
30.Bd3 bxa5 31.Rxa5 Rc1+ 32.Kh2 Nc6 33.Rc5 Rxc5 34.Bxc5 Kf7 35.Ba6 Na5 36.Rb8 Bc4
37.Rf8+ Kg6 38.Bc8 Rc7 39.Bd6 Rf7 40.Rxf7 Kxf7 41.Bd7 Be6 42.Bb5 Bc4  1/2-1/2

[Event "Hania op"]
[Site "Hania"]
[Date "1993.??.??"]
[Round "2"]
[White "Ibragimov, Ildar"]
[Black "Frendzas, Panayotis"]
[Result "1-0"]
[WhiteElo "2550"]
[BlackElo "2345"]

1.c4 c5 2.Nf3 g6 3.d4 cxd4 4.Nxd4 Nc6 5.Nc3 Bg7 6.Nc2 d6 7.e4 Nf6 8.Be2 Nd7
9.O-O Nc5 10.Bd2 a5 11.Re1 O-O 12.Bf1 b6 13.f3 Ra7 14.Nb5 Rd7 15.Bc3 f6 16.b3 Bb7
17.Ne3 e6 18.a3 a4 19.b4 Nb3 20.Rb1 Qa8 21.Bd3 Ne5 22.Bc2 Kh8 23.Bxb3 axb3
24.Qxb3 f5 25.f4 Ng4 26.Bxg7+ Kxg7 27.exf5 Nxe3 28.Rxe3 Rxf5 29.Nd4 Rf6 30.Nxe6+ Kg8
31.Qb2 Be4 32.Qxf6 Bxb1 33.Ng5 Qd8 34.Nxh7  1-0

[Event "Heraklio op"]
[Site "Heraklio"]
[Date "1993.??.??"]
[Round "2"]
[White "Zahariev, Zahari"]
[Black "Ibragimov, Ildar"]
[Result "1/2-1/2"]
[WhiteElo "2380"]
[BlackElo "2550"]

1.e4 d6 2.d4 Nf6 3.Nc3 g6 4.f4 Bg7 5.Nf3 O-O 6.Bd3 Na6 7.O-O c5 8.d5 Rb8
9.a4 Nb4 10.Bc4 e6 11.dxe6 fxe6 12.e5 dxe5 13.Qxd8 Rxd8 14.fxe5 Ng4 15.Bg5 Rf8
16.h3 Nxe5 17.Nxe5 Bxe5 18.Rxf8+ Kxf8 19.Bh6+ Ke7 20.Rf1 Bd7 21.Bg5+ Ke8
22.Ne4 Nxc2 23.Nf6+ Bxf6 24.Rxf6 Nd4 25.Bf4 Rc8 26.Bd6 Bxa4 27.Rf8+ Kd7 28.Rxc8 Kxd6
29.Rh8 b5 30.Bf1 Bc2 31.Ra8 c4 32.Rxa7 h5 33.Kf2 h4 34.Ra8 e5 35.Rh8 Nf5
36.Rg8 Ng3 37.Rh8 g5 38.Be2 Nxe2 39.Kxe2 Be4 40.Rd8+ Kc5 41.Rg8 Bxg2 42.Rxg5 Bxh3
43.Rxe5+ Kb4 44.Re4 Bf5 45.Rxh4 Kb3 46.Ke3 Kxb2 47.Rh5 Bd7 48.Rd5 Be8 49.Re5 c3
50.Rxe8 c2 51.Rc8  1/2-1/2

[Event "Heraklio op"]
[Site "Heraklio"]
[Date "1993.??.??"]
[Round "5"]
[White "Ibragimov, Ildar"]
[Black "Bartels, Hans A"]
[Result "1-0"]
[WhiteElo "2550"]
[BlackElo "2335"]

1.d4 d5 2.c4 e6 3.Nc3 Nf6 4.cxd5 exd5 5.Bg5 c6 6.e3 Be7 7.Bd3 Nbd7 8.Nf3 O-O
9.Qc2 Re8 10.O-O Nf8 11.Ne5 Ng4 12.Bxe7 Qxe7 13.Nxg4 Bxg4 14.Rae1 Rad8 15.f4 f6
16.Qf2 Bh5 17.f5 Qd6 18.a3 Re7 19.Qf4 Qxf4 20.Rxf4 Rde8 21.Kf2 Nd7 22.g4 Bf7
23.h4 h6 24.Rf3 c5 25.Bb5 cxd4 26.Bxd7 Rxd7 27.exd4 Rxe1 28.Kxe1 Kf8 29.Re3 Re7
30.Kd2 Rxe3 31.Kxe3 Ke7 32.Kf4 Kd7 33.g5 hxg5+ 34.hxg5 Kc6 35.Kg4 Be8 36.Ne2 Kd6
37.Nf4 fxg5 38.Kxg5 Bf7 39.Nh5  1-0

[Event "Heraklio op"]
[Site "Heraklio"]
[Date "1993.??.??"]
[Round "6"]
[White "Moutousis, Konstantinos"]
[Black "Ibragimov, Ildar"]
[Result "0-1"]
[WhiteElo "2425"]
[BlackElo "2550"]

1.c4 f5 2.Nc3 Nf6 3.g3 g6 4.Bg2 Bg7 5.d3 d6 6.e4 Nc6 7.Nge2 O-O 8.O-O e5
9.h3 Be6 10.Nd5 Qd7 11.Kh2 Nd8 12.Bg5 fxe4 13.dxe4 c6 14.Nxf6+ Bxf6 15.Bh6 Bg7
16.Bxg7 Kxg7 17.Qd3 c5 18.b3 Nc6 19.f4 a6 20.Rf2 b5 21.Nc3 bxc4 22.bxc4 Nd4
23.Raf1 Rab8 24.Nd5 Bxd5 25.cxd5 Qb5 26.Qe3 Qb6 27.f5 Qc7 28.h4 c4 29.h5 gxf5
30.exf5 Rf6 31.g4 h6 32.g5 hxg5 33.Qxg5+ Kf7 34.Bh3 Rg8 35.Qg6+ Rfxg6 36.fxg6+ Kg7
37.Rf7+ Qxf7 38.gxf7 Rf8 39.Be6 c3 40.Kh3 c2 41.Kg4 Rh8 42.Rc1 Kf6 43.a4 e4
44.h6 e3 45.h7 e2 46.Rh1 Ke7  0-1

[Event "Heraklio op"]
[Site "Heraklio"]
[Date "1993.??.??"]
[Round "7"]
[White "Ibragimov, Ildar"]
[Black "Kosic, Dragan"]
[Result "1/2-1/2"]
[WhiteElo "2550"]
[BlackElo "2495"]

1.d4 d5 2.c4 c6 3.Nf3 Nf6 4.e3 Bg4 5.Qb3 Qb6 6.cxd5 Qxb3 7.axb3 Bxf3 8.gxf3 Nxd5
9.Na3 Nd7 10.f4 e6 11.Nc2 Nb4 12.Nxb4 Bxb4+ 13.Bd2 Bxd2+ 14.Kxd2 Ke7 15.b4 a6
16.e4 Rad8 17.Ke3 Nb6 18.Ra5 Rd7 19.Be2 f5 20.f3 Rhd8 21.Rd1 Kf6 22.b3  1/2-1/2

[Event "Heraklio op"]
[Site "Heraklio"]
[Date "1993.??.??"]
[Round "9"]
[White "Ibragimov, Ildar"]
[Black "Nikcevic, Nebojsa"]
[Result "1/2-1/2"]
[WhiteElo "2550"]
[BlackElo "2405"]

1.c4 e6 2.Nf3 Nf6 3.d4 c5 4.e3 d5 5.Nc3 Nc6 6.a3 a6 7.dxc5 Bxc5 8.b4 Bd6
9.Bb2 O-O 10.cxd5 exd5 11.Be2 Be6 12.O-O Rc8 13.Rc1 Ne5 14.Nxd5 Rxc1 15.Nxf6+ Qxf6
16.Qxc1 Rc8 17.Qa1 Rc2 18.Nxe5 Rxe2 19.Qd1 Rxb2 20.Qxd6 h6 21.h3 Ra2 22.Nd7 Bxd7
23.Qxd7 b5 24.Qd3 g6 25.e4 Qb2 26.Qd6 Rxa3 27.e5 Ra1 28.Rxa1 Qxa1+ 29.Kh2 Qe1
30.Qd8+ Kh7 31.Qf6 Kg8 32.Qd8+ Kh7 33.Qf6 Kg8 34.Qd8+  1/2-1/2

[Event "Ikaria op"]
[Site "Ikaria"]
[Date "1993.??.??"]
[Round "5"]
[White "Radulov, Ivan"]
[Black "Ibragimov, Ildar"]
[Result "1/2-1/2"]
[WhiteElo "2410"]
[BlackElo "2540"]

1.Nf3 d6 2.d4 Nf6 3.g3 g6 4.Bg2 Bg7 5.O-O O-O 6.c4 Nbd7 7.Nc3 e5 8.h3 c6
9.e4 Qb6 10.dxe5 Nxe5 11.Nxe5 dxe5 12.b3 Re8 13.Be3 Qc7 14.Qc2 Be6 15.Rfd1 Rad8
16.c5 Bf8 17.b4 Be7 18.Kh2 Nh5 19.Rxd8 Rxd8 20.Rd1 Bc4 21.Bf3 Ng7 22.Be2 Bxe2
23.Nxe2 Ne6 24.Kg2 Bg5 25.Bxg5 Nxg5 26.Rd3 a5 27.a3 axb4 28.axb4 Ra8 29.Qc4 Rd8
30.Ng1 Kf8 31.Rxd8+ Qxd8 32.h4  1/2-1/2

[Event "Katerini GP"]
[Site "Katerini"]
[Date "1993.??.??"]
[Round "3"]
[White "Demirel, Tolga"]
[Black "Ibragimov, Ildar"]
[Result "0-1"]
[WhiteElo "2310"]
[BlackElo "2550"]

1.d4 d6 2.c4 f5 3.g3 Nf6 4.Bg2 g6 5.Nc3 Bg7 6.Nh3 c6 7.d5 e5 8.dxe6 Bxe6
9.Qd3 Na6 10.Bf4 Nb4 11.Qd1 Bxc4 12.Bxd6 Nfd5 13.Bxb4 Nxb4 14.O-O Qxd1 15.Rfxd1 Rd8
16.a3 Nc2 17.Rxd8+ Kxd8 18.Rd1+ Kc7 19.Rc1 Bb3 20.Nd1 Rd8 21.Nf4 Rd2 22.e3 Be5
23.h4 a5 24.Bf1 Nxa3 25.Nc3 Bxf4 26.gxf4 Rxb2  0-1

[Event "Katerini GP"]
[Site "Katerini"]
[Date "1993.??.??"]
[Round "6"]
[White "Ibragimov, Ildar"]
[Black "Oney, Feridun"]
[Result "1-0"]
[WhiteElo "2550"]
[BlackElo "2300"]

1.d4 d5 2.c4 Bf5 3.cxd5 Bxb1 4.Qa4+ c6 5.Rxb1 Qxd5 6.Nf3 Nd7 7.a3 Nb6 8.Qc2 Nf6
9.e3 g5 10.Bd3 g4 11.Nh4 Rd8 12.O-O e6 13.b4 Be7 14.g3 a6 15.Rd1 Qg5 16.e4 Qg8
17.Be3 Nbd7 18.a4 h5 19.b5 cxb5 20.axb5 a5 21.b6 Nh7 22.Qc7 Bg5 23.Qxb7 Bxe3
24.fxe3 Qg5 25.Re1 Ke7 26.e5 f5 27.exf6+ Nxf6 28.Rb5 Qh6 29.Re5  1-0

[Event "Komotini GP"]
[Site "Komotini"]
[Date "1993.??.??"]
[Round "2"]
[White "Ibragimov, Ildar"]
[Black "Brustman, Agnieszka"]
[Result "1-0"]
[WhiteElo "2550"]
[BlackElo "2280"]

1.d4 Nf6 2.c4 g6 3.Nc3 Bg7 4.e4 d6 5.f3 O-O 6.Be3 e5 7.Nge2 c6 8.Qd2 Nbd7
9.Rd1 a6 10.Nc1 b5 11.a3 exd4 12.Bxd4 Re8 13.Be2 bxc4 14.Bxc4 d5 15.Ba2 c5
16.Bxf6 Nxf6 17.O-O d4 18.Nd5 Be6 19.Nxf6+ Qxf6 20.Qd3 Bxa2 21.Nxa2 Qe6 22.b3 Rab8
23.Rb1 a5 24.Rfc1 Rec8 25.Rc4 Bh6 26.Qc2 Rc6 27.Nc1 Be3+ 28.Kf1 Rcb6 29.Nd3 Qd6
30.e5 Qe7 31.g3 Rb5 32.a4 R5b6 33.Kg2 Qe6 34.Nxc5 Qxe5 35.Nd7 Qf5 36.Rc8+ Rxc8
37.Qxc8+  1-0

[Event "Komotini GP"]
[Site "Komotini"]
[Date "1993.??.??"]
[Round "6"]
[White "Ibragimov, Ildar"]
[Black "Grosar, Aljosa"]
[Result "1-0"]
[WhiteElo "2550"]
[BlackElo "2470"]

1.d4 Nf6 2.c4 e6 3.Nc3 Bb4 4.e3 b6 5.Bd3 Bb7 6.Nf3 Ne4 7.O-O f5 8.Qc2 Bxc3
9.bxc3 O-O 10.Ne1 c5 11.f3 Nd6 12.Ba3 Qc7 13.Qe2 Nc6 14.Nc2 Na5 15.e4 Ba6
16.Ne3 f4 17.e5 fxe3 18.exd6 Qxd6 19.dxc5 bxc5 20.Qxe3 Nxc4 21.Qe4 Nxa3 22.Qxh7+ Kf7
23.Qg6+ Ke7 24.Qxg7+ Rf7 25.Qg5+ Kf8 26.Qh6+ Kg8 27.Bg6 Rg7 28.Rad1 Qb6 29.Rfe1 c4+
30.Kh1 e5 31.Rd6 Qf2 32.Red1 Rf8 33.Bh7+ Kh8 34.Be4+ Kg8 35.Bd5+ Rff7 36.Bxf7+  1-0

[Event "Komotini GP"]
[Site "Komotini"]
[Date "1993.??.??"]
[Round "9"]
[White "Sturua, Zurab"]
[Black "Ibragimov, Ildar"]
[Result "1/2-1/2"]
[WhiteElo "2540"]
[BlackElo "2550"]

1.d4 d5 2.c4 dxc4 3.e3 Nf6 4.Bxc4 e6 5.Nf3 c5 6.O-O a6 7.a4 Nc6 8.Qe2 cxd4
9.Rd1 Be7 10.exd4 O-O 11.Nc3 Nd5 12.Bb3 Re8 13.Bd2 b6 14.Qe4 Ncb4 15.Ne5 Bb7
16.Qf3 f6 17.Ng4 Rc8 18.Qh3 Bf8 19.Re1 Qd7 20.Re2 Qf7 21.Qg3 Kh8 22.Rae1 Rcd8
23.Ne4 Qg6 24.h4 h5 25.Nh2 Qxg3 26.fxg3 Nd3 27.Rb1  1/2-1/2

[Event "Odorheiu Secuiesc"]
[Site "Odorheiu Secuiesc"]
[Date "1993.??.??"]
[Round "1"]
[White "Ibragimov, Ildar"]
[Black "Nevednichy, Vladislav"]
[Result "1/2-1/2"]
[WhiteElo "2540"]
[BlackElo "2495"]

1.d4 d6 2.Nf3 g6 3.e4 Bg7 4.c3 Nf6 5.Bd3 O-O 6.O-O Nc6 7.d5 Ne5 8.Nxe5 dxe5
9.c4 e6 10.Nc3 exd5 11.cxd5 a6 12.Be3 Ne8 13.Rc1 f5 14.exf5 gxf5 15.f4 e4
16.Be2 Qf6 17.Qb3 Nd6 18.Rfd1 Rf7 19.Rd2 Bd7 20.a4 Re7 21.Qd1 Kh8 22.b3 Rg8
23.Nb1 Be8 24.Na3 h6 25.Nc4 Kh7 26.Bc5 Qg6 27.Ne3 h5 28.Rdc2 Bh6 29.Qf1 Rf8
30.Bd4 Rff7 31.Qf2 Bg7 32.Bxg7 Rxg7 33.Qh4 Kg8 34.Bf1 Kf8 35.Kf2 Kg8 36.Rc3 Kf8
37.Be2 Rh7 38.g3 Rhg7 39.Nc4 Nxc4 40.bxc4 e3+ 41.Kf1 Bxa4 42.Re1 Be8 43.c5 b5
44.Bf3 e2+ 45.Rxe2 Rxe2 46.Kxe2 Re7+ 47.Re3 Rxe3+ 48.Kxe3 Qg7 49.Qg5 Qc3+
50.Kf2 Qxc5+ 51.Kg2 Qc2+ 52.Kh3 Bf7 53.Qd8+ Kg7 54.Qg5+ Kf8 55.Bxh5 Bxh5
56.Qxh5 Qe4 57.Qh6+ Ke7 58.Qc6 Kd8 59.Qa8+ Ke7 60.Qc6  1/2-1/2

[Event "Odorheiu Secuiesc"]
[Site "Odorheiu Secuiesc"]
[Date "1993.??.??"]
[Round "5"]
[White "Ibragimov, Ildar"]
[Black "Rogozenko, Dorin"]
[Result "1-0"]
[WhiteElo "2540"]
[BlackElo "2480"]

1.c4 e5 2.Nc3 Bb4 3.Nd5 Be7 4.d4 d6 5.g3 f5 6.Bg2 Nf6 7.Nf3 Nc6 8.O-O O-O
9.Nc3 Qe8 10.d5 Nd8 11.Nb5 Qd7 12.a4 a6 13.Nc3 Qe8 14.e4 fxe4 15.Ng5 Bg4
16.Qc2 Qh5 17.Ncxe4 h6  1-0

[Event "Odorheiu Secuiesc"]
[Site "Odorheiu Secuiesc"]
[Date "1993.??.??"]
[Round "7"]
[White "Ibragimov, Ildar"]
[Black "Chernin, Alexander"]
[Result "1/2-1/2"]
[WhiteElo "2540"]
[BlackElo "2600"]

1.c4 e6 2.d4 d5 3.Nf3 Nf6 4.e3 a6 5.Nc3 Be7 6.b3 O-O 7.Bd3 b6 8.O-O Bb7 9.Bb2 Nbd7
10.Qe2 Ne4 11.Rfd1 Bb4 12.Rac1 Qe7 13.Nb1 Bd6 14.Ne5 dxc4 15.Nxc4 Rfc8 16.Nxd6 Nxd6
17.Nd2 c5 18.Qh5 h6 19.dxc5 Nxc5 20.Bb1 a5 21.Qg4 f5 22.Qg6 Bd5 23.Nf1 Qf7
24.Qxf7+ Kxf7 25.Nd2 b5 26.f3 b4 27.Be5 Ncb7 28.e4 fxe4 29.fxe4 Bc6 30.Nf3 Ke7
31.Bxg7 Bxe4 32.Bxh6 Bxb1 33.Rxb1 Rc2 34.Rbc1 Rac8 35.Rxc2 Rxc2 36.Nd4 Rxa2
37.Re1 Nc5 38.Bg5+ Kd7 39.h4 Nde4 40.Be3 a4 41.bxa4 b3 42.Nxb3 Nxb3 43.h5 Nf6
44.Rb1 Nxh5  1/2-1/2

[Event "Odorheiu Secuiesc"]
[Site "Odorheiu Secuiesc"]
[Date "1993.??.??"]
[Round "8"]
[White "Marin, Mihail"]
[Black "Ibragimov, Ildar"]
[Result "1/2-1/2"]
[WhiteElo "2515"]
[BlackElo "2540"]

1.d4 d5 2.c4 dxc4 3.e3 Nf6 4.Bxc4 e6 5.Nf3 c5 6.O-O a6 7.a4 Nc6 8.Qe2 cxd4
9.Rd1 Be7 10.exd4 O-O 11.Nc3 Nd5 12.Qe4 Nf6 13.Qe2 Nd5 14.Qe4 Nf6 15.Qh4 Nd5
16.Qg3 Kh8 17.Bb3 Na5 18.Ba2 Nxc3 19.bxc3 Bd7 20.Bf4 Rc8 21.Bb1 Rxc3 22.d5 exd5
23.Be5 Bf6 24.Bxc3 Bxc3 25.Ng5 Bf6 26.Nxh7 Re8 27.Nxf6 Qxf6 28.Ra3 Nc4 29.Rf3 Qe7
30.h3 Kg8 31.Kh2 Bxa4 32.Rd4 Qe5 33.Rdf4 Nd2  1/2-1/2

[Event "Odorheiu Secuiesc"]
[Site "Odorheiu Secuiesc"]
[Date "1993.??.??"]
[Round "9"]
[White "Ibragimov, Ildar"]
[Black "Sax, Gyula"]
[Result "1/2-1/2"]
[WhiteElo "2540"]
[BlackElo "2570"]

1.d4 Nf6 2.c4 e6 3.Nc3 Bb4 4.e3 O-O 5.Bd3 d5 6.Nf3 c5 7.O-O dxc4 8.Bxc4 Nbd7
9.Bd3 b6 10.a3 Bxc3 11.bxc3 Bb7 12.Re1 Be4 13.Bf1 Qc7  1/2-1/2

[Event "Peristeri"]
[Site "Peristeri"]
[Date "1993.??.??"]
[Round "3"]
[White "Pandavos, Emanouel"]
[Black "Ibragimov, Ildar"]
[Result "0-1"]
[WhiteElo "2335"]
[BlackElo "2550"]

1.e4 g6 2.d4 Bg7 3.Nf3 d6 4.Be2 Nf6 5.Nc3 O-O 6.O-O a6 7.a4 b6 8.Bf4 Bb7
9.e5 Nfd7 10.exd6 cxd6 11.Qd2 Nc6 12.Bh6 Nf6 13.Ra3 Rc8 14.Bxg7 Kxg7 15.Ng5 Na5
16.Nd1 h6 17.Nf3 Ne4 18.Qc1 f5 19.Nd2 e5 20.Nxe4 Bxe4 21.Bxa6 Rxc2 22.Qe3 Bxg2
23.dxe5 Bxf1 24.Bxf1 dxe5 25.Qxe5+ Qf6 26.Qf4 Qg5+ 27.Qxg5 hxg5 28.b4 Nc4
29.Ra1 Rd8 30.Ne3 Nxe3 31.fxe3 Rdd2 32.a5 bxa5 33.bxa5 Ra2 34.Rxa2 Rxa2 35.a6 Kf6  0-1

[Event "Peristeri"]
[Site "Peristeri"]
[Date "1993.??.??"]
[Round "4"]
[White "Ibragimov, Ildar"]
[Black "Sirigos, Nikolaos"]
[Result "1-0"]
[WhiteElo "2550"]
[BlackElo "2310"]

1.d4 Nf6 2.Nc3 d5 3.Bg5 c5 4.Bxf6 gxf6 5.e4 cxd4 6.Qxd4 dxe4 7.Qxd8+ Kxd8
8.O-O-O+ Nd7 9.Nxe4 Kc7 10.Nf3 e6 11.Nd4 a6 12.Be2 b6 13.Bh5 f5 14.Ng5 Bh6
15.h4 Ne5 16.f4 Ng6 17.Bf3 Bb7 18.g3 Bxg5 19.hxg5 Rad8 20.Bxb7 Kxb7 21.Nf3 Kc7
22.Rh6 Rxd1+ 23.Kxd1 Kd6 24.Ke2 Ke7 25.Ke3 Kf8 26.Rh2 Ke7 27.c4 f6 28.Rh6 Kf7
29.Nh4 Rc8 30.Rxh7+ Kg8 31.Rh6 Nxh4 32.gxh4 fxg5 33.hxg5 Rxc4 34.Rxe6 Rb4
35.b3 Kg7 36.Rf6 Rb5 37.Kd4 a5 38.Rd6 a4 39.bxa4 Ra5 40.Rxb6 Rxa4+ 41.Ke5 Ra5+
42.Ke6 Kg6 43.a4 Rxa4 44.Ke5+ Kf7 45.Kxf5 Ra5+ 46.Kg4 Ra4 47.g6+ Kg7 48.Kg5  1-0

[Event "Peristeri"]
[Site "Peristeri"]
[Date "1993.??.??"]
[Round "6"]
[White "Ibragimov, Ildar"]
[Black "Pandavos, Panayotis"]
[Result "1/2-1/2"]
[WhiteElo "2550"]
[BlackElo "2360"]

1.d4 d5 2.c4 e6 3.Nc3 c5 4.e3 Nf6 5.Nf3 Nc6 6.a3 b6 7.cxd5 Nxd5 8.Bb5 Bd7
9.Nxd5 exd5 10.O-O a6 11.Ba4 b5 12.Bc2 Be6 13.dxc5 Bxc5 14.b4 Be7 15.Bb2 Bf6
16.Bxf6 Qxf6 17.Rc1 Ne5 18.Nxe5 Qxe5 19.Qd3 g6 20.Bb3 O-O 21.Qc3 Qe4 22.f3 Qh4
23.Qd4 Qxd4 24.exd4 Rfd8 25.Rc5 Rd6 26.Kf2 Rad8 27.h4 h5 28.Re1 Kf8 29.Kg3 Ke7
30.Kf4 f6 31.Rc7+ R8d7 32.Rc5 Rd8 33.g3 Rg8 34.Bxd5 g5+ 35.hxg5 fxg5+ 36.Ke5 Bxd5
37.Rc7+ Rd7 38.Rxd7+ Kxd7 39.Kxd5 Rf8 40.Re5 Rxf3 41.Rxg5 Rxa3 42.Rg7+ Ke8
43.Kd6 a5 44.bxa5 Rxa5 45.d5 Ra3 46.Kc5 Rd3 47.Rg5 Kd7 48.Kxb5 Rc3 49.Kb4 Rc1
50.Rxh5 Kd6 51.Rg5 Rc2 52.g4 Rc8 53.Rf5 Rc1 54.g5 Rc2 55.Kb3 Rc1  1/2-1/2

[Event "Peristeri"]
[Site "Peristeri"]
[Date "1993.??.??"]
[Round "7"]
[White "Frendzas, Panayotis"]
[Black "Ibragimov, Ildar"]
[Result "0-1"]
[WhiteElo "2345"]
[BlackElo "2550"]

1.e4 Nc6 2.Nf3 d6 3.d4 Nf6 4.Nc3 Bg4 5.Be2 e6 6.d5 exd5 7.exd5 Bxf3 8.Bxf3 Ne5
9.Be2 Be7 10.Be3 O-O 11.f4 Ned7 12.Qd2 Re8 13.Bf3 Nb6 14.b3 Qd7 15.O-O c5
16.h3 Nc8 17.Qd3 Bd8 18.Rae1 Ba5 19.Bd2 Nb6 20.Ne4 Bxd2 21.Nxf6+ gxf6 22.Qxd2 Rxe1
23.Rxe1 Re8 24.Rxe8+ Qxe8 25.Kf2 Nc8 26.a4 Ne7 27.Qd3 Qf8 28.Bg4 Qh6 29.Qe4 Kf8
30.b4 f5 31.Bxf5 cxb4 32.Bg4 a5 33.g3 Qg7 34.Qc4 Qb2 35.Qd3 f5 36.Bd1 Qa1
37.g4 Qxa4 38.gxf5 Qa1 39.Bh5 Qc3 40.f6 Qxf6 41.Qxh7 Qxf4+ 42.Bf3 Nf5 43.Qxb7 Qe3+
44.Kg2  0-1

[Event "Peristeri"]
[Site "Peristeri"]
[Date "1993.??.??"]
[Round "9"]
[White "Atalik, Suat"]
[Black "Ibragimov, Ildar"]
[Result "1/2-1/2"]
[WhiteElo "2535"]
[BlackElo "2550"]

1.d4 d5 2.c4 dxc4 3.e3 Nf6 4.Bxc4 e6 5.Nf3 c5 6.O-O a6 7.Bd3 Nbd7 8.Re1 Be7
9.a4 b6 10.e4 cxd4 11.Nxd4 Ne5 12.Bc2 Bb7 13.Nc3 O-O 14.Nf3 Qxd1 15.Rxd1 Nxf3+
16.gxf3 Bc5 17.Be3 Bxe3 18.fxe3 Rfd8 19.Kf2 Kf8 20.e5 Nd5 21.Nxd5 Bxd5 22.e4 Rac8
23.Rd2 Bb7 24.Rxd8+ Rxd8 25.Ke3 f6 26.exf6 gxf6 27.Bb3 Rd6 28.h4 Bc6 29.f4 Be8
30.e5 fxe5 31.fxe5 Rc6 32.Rf1+ Ke7 33.Rf6 Bg6 34.Rf2 Rc1 35.Rf4 Re1+ 36.Kd4 Re2
37.Bc4 Rxb2 38.Bxa6 Rb4+ 39.Ke3 Rb3+ 40.Kf2 Rb2+ 41.Kg3 Rb3+ 42.Kf2  1/2-1/2

[Event "RUS-chT"]
[Site "Podolsk"]
[Date "1993.??.??"]
[Round "?"]
[White "Lisenko, Alexander V"]
[Black "Ibragimov, Ildar"]
[Result "0-1"]
[WhiteElo "2400"]
[BlackElo "2540"]

1.Nf3 d6 2.d4 g6 3.c4 Bg7 4.g3 Nf6 5.Bg2 O-O 6.O-O Nc6 7.d5 Na5 8.Nbd2 c5
9.e4 b5 10.cxb5 a6 11.Rb1 axb5 12.b4 Nc4 13.bxc5 Nxd2 14.Nxd2 dxc5 15.Nb3 Nd7
16.Be3 c4 17.Nd4 Ne5 18.Qe2 Bg4 19.Qc2 Bd7 20.Nxb5 Qa5 21.a4 Qxa4 22.Qxa4 Rxa4
23.h3 Nd3 24.Bd2 Ra2 25.Bg5 Rb8 26.Nc3 Rxb1 27.Nxa2 Rb2 28.Nc1 Nxf2 29.Bxe7 Bd4
30.Kh2  0-1

[Event "RUS-chT"]
[Site "Podolsk"]
[Date "1993.??.??"]
[Round "?"]
[White "Ibragimov, Ildar"]
[Black "Zaitsev, Igor A"]
[Result "1/2-1/2"]
[WhiteElo "2540"]
[BlackElo "2450"]

1.e4 e5 2.Bc4 Nf6 3.d3 Nc6 4.Nc3 Bb4 5.Bg5 h6 6.Bh4 g5 7.Bg3 d5 8.exd5 Nxd5
9.Ne2 Bg4 10.Qd2 Nf4 11.Bxf4 gxf4 12.a3 Bxc3 13.Nxc3 Nd4 14.Nb5 Nxb5 15.Bxb5+ c6
16.Bc4 Qf6 17.f3 Be6 18.Bxe6 Qxe6 19.Qf2 b6 20.O-O-O O-O-O 21.Rhe1 f6 22.Kb1 Rh7  1/2-1/2

[Event "RUS-chT"]
[Site "Podolsk"]
[Date "1993.??.??"]
[Round "?"]
[White "Pugachov, Alexey"]
[Black "Ibragimov, Ildar"]
[Result "1-0"]
[WhiteElo "2445"]
[BlackElo "2540"]

1.e4 g6 2.d4 Bg7 3.c3 d6 4.Bg5 Nf6 5.Nd2 O-O 6.Ngf3 c5 7.dxc5 dxc5 8.Be2 Nc6
9.O-O Qc7 10.Qc2 Nh5 11.Rfe1 Nf4 12.Bf1 h6 13.Bh4 Rb8 14.Nc4 b5 15.Ne3 e6
16.a4 a6 17.axb5 axb5 18.Red1 Nh5 19.Be2 f5 20.exf5 exf5 21.Ne1 Qf7 22.Bxh5 gxh5
23.Rd6 Ne5 24.Nd5 Nc4 25.Ne7+ Kh7 26.Rc6 Bb7 27.Rxc5  1-0

[Event "RUS-chT"]
[Site "Podolsk"]
[Date "1993.??.??"]
[Round "?"]
[White "Arakelian, Eduard"]
[Black "Ibragimov, Ildar"]
[Result "1/2-1/2"]
[WhiteElo "2300"]
[BlackElo "2540"]

1.d4 Nf6 2.c4 g6 3.Nc3 Bg7 4.e4 d6 5.f4 O-O 6.Nf3 c5 7.d5 e6 8.Be2 exd5 9.cxd5 Re8
10.Nd2 Na6 11.O-O Rb8 12.Kh1 Nc7 13.a4 a6 14.a5 Bd7 15.Bf3 Bb5 16.Re1 Bd3
17.Qb3 Qd7 18.Nc4 Bxc4 19.Qxc4 Nb5 20.Be3 Nd4 21.Bxd4 cxd4 22.Na4 Qd8 23.Qb4 Nd7
24.Bg4 h5 25.Bf3 Qf6 26.g3 g5 27.Qd2 gxf4 28.gxf4 Bh6 29.Bxh5 Bxf4 30.Qg2+ Kh8
31.Rf1 Qh4 32.Bxf7 Rf8 33.Ra3 Be3 34.Rf3 Qe1+ 35.Rf1 Qh4  1/2-1/2

[Event "St Petersburg op"]
[Site "St Petersburg"]
[Date "1993.??.??"]
[Round "?"]
[White "Ibragimov, Ildar"]
[Black "Beshukov, Sergei"]
[Result "0-1"]
[WhiteElo "2550"]
[BlackElo "2445"]

1.Nf3 Nf6 2.c4 c5 3.Nc3 Nc6 4.e3 d5 5.cxd5 Nxd5 6.a3 Nxc3 7.bxc3 g6 8.Be2 Bg7
9.O-O O-O 10.Rb1 b6 11.Qc2 Bf5 12.e4 Bd7 13.d3 Rc8 14.Bg5 Qe8 15.Qd2 e5 16.Rfe1 c4
17.dxc4 Na5 18.Qa2 f6 19.Be3 Be6 20.Nd2 Rf7 21.a4 Rfc7 22.Rb5 Qf7 23.Rxa5 bxa5
24.Rb1 Bf8 25.Rb5 Bc5 26.Nf1 Bf8 27.Nd2 a6 28.Rb6 Rc6 29.Qb2 Qd7 30.Rb7 R6c7
31.Rb6 Rc6 32.h3 Rxb6 33.Qxb6 Rc6 34.Qxa5 Qc7 35.Nb3 Qxa5 36.Nxa5 Rc7 37.Bb6 Rc8
38.Kf1 Bc5 39.Bxc5 Rxc5 40.Nb7 Rc7 41.Na5 Bd7 42.Bd1 Rc5 43.Nb7 Rc7 44.Na5 Kf8
45.Ke2 Rc5 46.Nb7 Rxc4 47.Kd3 Rc7 48.Na5 Be6 49.c4 Rd7+ 50.Kc2 Rd4 51.Be2 Bd7
52.Kc3 Rxe4 53.Bd3 Re1 54.c5 Bxa4 55.Bxa6 Ke7 56.Kb4 Be8  0-1

[Event "St Petersburg op"]
[Site "St Petersburg"]
[Date "1993.??.??"]
[Round "?"]
[White "Ibragimov, Ildar"]
[Black "Galdunts, Sergey"]
[Result "1-0"]
[WhiteElo "2550"]
[BlackElo "2450"]

1.d4 f5 2.g3 Nf6 3.Bg2 g6 4.Nh3 Bg7 5.Nf4 Nc6 6.Nc3 e5 7.dxe5 Nxe5 8.Nd3 Nf7
9.O-O d5 10.Nb5 c6 11.Na3 Nd6 12.Bf4 O-O 13.Be5 Re8 14.b3 Nfe4 15.Bxg7 Kxg7
16.Qe1 d4 17.Nb1 Nb5 18.f3 Nec3 19.Nxc3 Nxc3 20.e4 fxe4 21.fxe4 Bg4 22.Rf2 Qe7
23.h3 Be6 24.Rf4 g5 25.Rf2 Bf7 26.Qd2 Bg6 27.Re1 Rad8 28.e5 Rf8 29.a4 c5
30.Rf6 h6 31.Ref1 b6 32.h4 gxh4 33.gxh4  1-0

[Event "St Petersburg op"]
[Site "St Petersburg"]
[Date "1993.??.??"]
[Round "?"]
[White "Ibragimov, Ildar"]
[Black "Kalegin, Evgenij"]
[Result "1/2-1/2"]
[WhiteElo "2550"]
[BlackElo "2445"]

1.d4 Nf6 2.Nf3 g6 3.Bg5 Bg7 4.Nbd2 O-O 5.e4 d6 6.c3 Nc6 7.Be2 e5 8.dxe5 Nxe5
9.O-O h6 10.Bh4 Nxf3+ 11.Bxf3 Bd7 12.Re1 Re8 13.Qc2 Qc8 14.h3 Nh7 15.Be2 Ng5
16.Bg3 Bc6 17.Bc4 Nxe4 18.Rxe4 Rxe4 19.Nxe4 d5 20.Bd3 dxe4 21.Bxe4 Qe6 22.Bxc6 Qxc6
23.Re1 Bf6 24.Qd2 Kg7 25.Qf4 Qb5 26.b3 Qa5 27.b4 Qxa2 28.Qxc7 Qd2 29.Re3 Rd8
30.Be5 Bxe5 31.Qxe5+ Kg8 32.Qf4 Qd1+ 33.Kh2 Qd6 34.Qxd6 Rxd6 35.Re7 Rb6 36.Rc7 a6
37.Kg3 Kf8 38.f3 Rb5 39.Kf2 b6 40.Rb7 h5 41.g3 g5 42.g4 hxg4 43.hxg4 a5 44.bxa5 Rxa5
45.Rxb6 Rc5 46.Rb3 Rc4 47.Ke2 Kg7 48.Kd2 Rf4 49.Rb5 Kg6  1/2-1/2